000 00693nam a2200229 a 4500
001 BRCA_8289
005 20190320210219.0
008 130614s1956----gw-a###f##---#000-0#ger-#
041 _ager
044 _agw
050 4 _aN5300
_b.Z45 1956
245 1 0 _aZeit schrift für kunst wissen schaft
_cherausgeber Richard Hamann und Friedrich Winkler.
260 _aBerlin
_bSonderdruck
_c1956
300 _app. 35-52
_bil., 15 láminas
_c27 cm.
440 0 _aZeit schrift für kunst wissen schaft
_nx
_p112
_920702
500 _aS86
650 1 4 _aArte
_vPublicaciones
_920703
700 1 _aHamann, Richard
_eed.
_99294
700 1 _aWinkler, Friedrich
_eed.
_920589
902 _aGFM
942 _2lcc
_cB
999 _c7957
_d7957